Mr. Love and Justice.

Saved in:
Bibliographic Details
Main Author: MacInnes, Colin, 1914-1976
Format: Book
Language:English
Published: London, MacGibbon & Kee, 1960.
LEADER 00704nam a22002051 4500
001 c000327392
003 CARM
005 00000000000000.0
008 780920s1960 enk 00001 eng
019 1 |a 1257849  |5 LACONCORD2021 
035 |a (OCoLC)153163730  |5 LACONCORD2021 
040 |c Wa 
050 0 0 |a PZ4.M1515  |b Mi 
100 1 |a MacInnes, Colin,  |d 1914-1976. 
245 1 0 |a Mr. Love and Justice. 
260 |a London,  |b MacGibbon & Kee,  |c 1960. 
300 |a 232 p.  |b 19 cm. 
852 8 |b CARM  |h A1:AN35A0  |i A04836  |p 0420412  |f BK 
999 f f |i 61591afb-f414-57bf-8611-13e21df810a3  |s d9be8328-6a50-5d98-a53b-19cf4e53eed3 
952 f f |p Can circulate  |a CAVAL  |b CAVAL  |c CAVAL  |d CARM 1 Store  |e A04836  |f A1:AN35A0  |h Other scheme  |i book  |m 0420412